00573nam a2200181Ia 4500008004100000082001300041100002800054245006100082250000800143260002900151300001300180500002400193650001800217700002800235942000700263952010400270999001700374230524s9999 xx 000 0 und d a628bNAR aKeerthi Narayana925506 0aEnvironmental Science and Engineering (For all Branches) a1ST aNEW DELHIbHi Techc2005 aVII;5.26 aQuantity Number: 1 aEnvironmental a Daniel Yesudian925507 cBK 00104070aTATCLbTATCLcGENd2023-05-24l0o628. NARp19568r2023-05-24w2023-05-24yBKzCPEC5203 c37544d37544